| 000 | 00814nam a2200205Ii 4500 | ||
|---|---|---|---|
| 003 | JO-AjNU | ||
| 008 | 230605s9999||||xx |||||||||||||| ||und|| | ||
| 040 |
_aJO-AjNU _bara _erda _cJO-AjNU |
||
| 041 | _aara | ||
| 050 | 1 | 4 | _aQA276.12.Q226 2018 |
| 100 | 3 |
_aالقادري، محمد حسين محمد رشيد، م. مشارك منى عطالله الشويلات, _eauthor _958063 |
|
| 245 | 0 | 0 | _aمبادئ الاحصاء والاحتمالات ومعالجتها باستخدام برنامج SPSS |
| 250 | _aط2 | ||
| 264 | 3 | 1 | _aعمان: دار الرضوان للنشر والتوزيع، 2018 |
| 300 |
_a534ص _bيحتوي على جداول |
||
| 336 |
_atext _btxt _2rdacontent |
||
| 337 |
_aunmediated _bn _2rdamedia |
||
| 338 |
_avolume _bnc _2rdacarrier |
||
| 650 | 4 |
_aمبادئ الاحصاء _958064 |
|
| 999 |
_aA26055 _c29623 _d29623 |
||